000 00457nam a2200157Ia 4500
003 GCL
008 140319s9999 xx 000 0 ara d
040 _aGCL /
_cGCL
082 0 4 _a149
_bر ر
100 1 _aالرازى ، ابو بكر محمد بن زكريا
245 1 0 _aرسائل فلسفية /
_cالرازى ، ابو بكر محمد بن زكريا
300 _a315 ص
490 _a100 قصة
_v0
650 0 4 _aالفلسفة
942 _2ddc
_cBK
999 _c43518
_d43518